| 000 | 00466nam a2200181Ia 4500 | ||
|---|---|---|---|
| 008 | 121107t2009 xxu||||| |||| 00| 0 sin d | ||
| 041 | _asin | ||
| 080 |
_aX8S1 _bGUN |
||
| 100 | _aGunarathna .L | ||
| 245 | _aදහම් ගැට මාලාව | ||
| 246 | _aDaham Geta Malava | ||
| 250 | _a2nd | ||
| 260 |
_bRathna Poth Prakashakayo _aColombo 10 _c2009 |
||
| 300 | _b28p., 21 cm | ||
| 942 | _cBK | ||
| 999 |
_c75372 _d75372 |
||
| 003 | LK-CoDNM | ||
| 040 |
_aLK-CoDNM _dLK-CoDNM _eLK-CoDNM |
||